Statistics for Countries With The Lowest BMI

Click here to take the quiz!

General Stats

  • This quiz has been taken 27 times
  • The average score is 43 of 50

Answer Stats

BMICountry% Correct
22.2DR Congo
100%
20.5Eritrea
100%
23.0Kenya
100%
21.7Niger
100%
22.0Uganda
100%
23.9China
96%
23.3Congo
96%
22.7Guinea
96%
21.9India
96%
22.6Japan
96%
22.0Rwanda
96%
21.8Somalia
96%
23.4Zimbabwe
96%
23.4Benin
92%
20.9Burundi
92%
21.2East Timor
92%
20.6Ethiopia
92%
22.8Mali
92%
21.9North Korea
92%
23.8South Korea
92%
21.6Vietnam
92%
23.0Guinea-Bissau
88%
22.9Indonesia
88%
22.8Malawi
88%
23.4Nigeria
88%
23.7Pakistan
88%
23.1Sri Lanka
88%
23.1Tanzania
88%
22.6Zambia
88%
22.4Central African Republic
84%
23.9Gambia
84%
23.6Ivory Coast
84%
23.9Liberia
84%
22.2Nepal
84%
23.2Philippines
84%
23.6Singapore
84%
21.0Bangladesh
80%
21.9Cambodia
80%
21.1Madagascar
80%
23.2Togo
80%
21.6Afghanistan
76%
22.1Burkina Faso
76%
23.3Djibouti
76%
23.0Senegal
76%
23.8Bhutan
72%
22.3Chad
72%
22.3Mozambique
68%
22.8Sierra Leone
64%
22.6Myanmar
60%
22.6Laos
56%

Score Distribution

Percentile by Number Answered

Percent of People with Each Score

Your Score History

You have not taken this quiz